00250nam a2200109 4500020001800000082001200018100001400030245003600044260002600080300001000106650002400116 a9788130915777 a546 SOD aSodhi,G.S aTextbook of Inorganic Chemistry aNew DelhibVivac2011 a650 p ainorganic chemistry